| 000 | 00647cam a2200229 a 4500 | ||
|---|---|---|---|
| 001 | 000009568 | ||
| 005 | 20200929161628.0 | ||
| 008 | 990409s1998 sp 000|e spa d | ||
| 020 | _a9681904931 | ||
| 040 |
_aDO-SdBNP _bBNPHU |
||
| 082 |
_aG864.4 _bM778v |
||
| 100 | 1 |
_aMonterroso, Augusto, _d1921-2003 _915065 |
|
| 245 | 1 | 3 |
_aLa vaca / _cAugusto Monterroso. |
| 260 |
_aMéxico : _bAlfaguara, _cc1998. |
||
| 300 |
_a149 p. ; _c22 cm. |
||
| 650 | 4 |
_aEnsayos guatemaltecos _921180 |
|
| 650 | 4 |
_aCuentos guatemaltecos _915066 |
|
| 650 | 4 |
_aLiteratura guatemalteca _95393 |
|
| 910 | _aCatalogación derivada / LC | ||
| 910 | _aWM | ||
| 049 | _aBNGR | ||
| 999 |
_c9328 _d9328 |
||